|
|
|
|
| LEADER |
00000nbm0a2200000 4500 |
| 001 |
318954 |
| 005 |
20250825101738.0 |
| 035 |
|
|
|a (RuTPU)RU\TPU\book\344459
|
| 090 |
|
|
|a 318954
|
| 100 |
|
|
|a 20160513j1980 k y0rusy50 ca
|
| 101 |
0 |
|
|a rus
|
| 102 |
|
|
|a RU
|
| 105 |
|
|
|a a m 001zy
|
| 200 |
1 |
|
|a Изучение процесса электрохимического растворения металлов и сплавов под действием переменного тока с контролируемой частотой
|e диссертация на соискание ученой степени кандидата химических наук
|e спец. 02.00.05
|f В. С. Скуридин
|g Томский политехнический институт (ТПИ), Научно-исследовательский институт ядерной физики (НИИ ЯФ) ; науч. рук. Г. А. Катаев
|
| 210 |
|
|
|a Томск
|c [Б. и.]
|d 1980
|
| 215 |
|
|
|a 171 л.
|c ил.
|
| 320 |
|
|
|a Библиогр.: с. 162-171 (105 назв.)
|
| 606 |
1 |
|
|a Металлы
|x Электрохимия
|2 stltpush
|3 (RuTPU)RU\TPU\subj\43192
|
| 610 |
1 |
|
|a переменная полярность
|
| 610 |
1 |
|
|a электрохимические исследования
|
| 610 |
1 |
|
|a переменный ток
|
| 610 |
1 |
|
|a металлические образцы
|
| 610 |
1 |
|
|a сплавы
|
| 610 |
1 |
|
|a растворение
|
| 610 |
1 |
|
|a скорость
|
| 610 |
1 |
|
|a частотные критерии
|
| 610 |
1 |
|
|a переменное напряжение
|
| 610 |
1 |
|
|a интерметаллические соединения
|
| 610 |
1 |
|
|a количественный анализ
|
| 610 |
1 |
|
|a диссертации
|
| 610 |
1 |
|
|a труды учёных ТПУ
|
| 675 |
|
|
|a 669:541.1(04)
|v 3
|
| 686 |
|
|
|a 02.00.05
|2 oksvnk
|
| 700 |
|
1 |
|a Скуридин
|b В. С.
|c физик, специалист в области атомной энергетики
|c профессор Томского политехнического университета, доктор технических наук
|f 1946-
|g Виктор Сергеевич
|3 (RuTPU)RU\TPU\pers\27551
|9 12755
|
| 702 |
|
1 |
|a Катаев
|b Г. А.
|c химик
|c профессор Томского государственного университета, доктор химических наук
|f 1921-1981
|g Григорий Алексеевич
|3 (RuTPU)RU\TPU\pers\23641
|4 727
|
| 712 |
0 |
2 |
|a Томский политехнический институт (ТПИ)
|b Научно-исследовательский институт ядерной физики (НИИ ЯФ)
|c (1975-1998)
|3 (RuTPU)RU\TPU\col\11922
|
| 801 |
|
1 |
|a RU
|b 63413507
|c 20160513
|
| 801 |
|
2 |
|a RU
|b 63413507
|c 20160520
|g RCR
|
| 942 |
|
|
|c BK
|